Classifica perpetua Serie A - Statistics

Statistiche generali
  • Questo quiz è stato fatto 86 volte
  • Il punteggio medio è 51 su 68
Statistiche sulle risposte
Pos. Stagioni Punti Squadra % Corretto
1 92 5.880 Juventus
100%
2 93 5.656 Inter
98%
3 91 5.351 Milan
98%
6 79 4.092 Napoli
95%
4 92 4.892 Roma
95%
5 87 4.363 Fiorentina
94%
8 81 3.832 Torino
94%
9 78 3.667 Bologna
92%
7 82 4.032 Lazio
92%
11 64 2.833 Atalanta
91%
34 14 510 Como
89%
12 57 2.407 Genoa
89%
27 19 638 Lecce
88%
17 29 1.206 Palermo
88%
49 8 203 Pisa
86%
10 66 2.961 Sampdoria
86%
13 52 2.289 Udinese
86%
14 44 1.796 Cagliari
85%
19 30 1.071 Bari
83%
60 3 91 Frosinone
83%
33 12 514 Sassuolo
83%
22 17 740 Chievo
82%
16 34 1.235 Hellas Verona
82%
15 28 1.375 Parma
82%
54 7 168 Pescara
82%
46 6 236 Pro Vercelli
82%
26 17 667 Catania
80%
48 9 228 Cremonese
78%
28 16 626 Empoli
78%
52 5 178 Salernitana
78%
37 13 449 Venezia
78%
50 7 202 Catanzaro
77%
42 10 341 Avellino
75%
21 23 808 Brescia
75%
63 2 54 Benevento
74%
58 3 92 Lecco
74%
31 13 515 Modena
74%
35 13 504 Novara
74%
61 3 78 Reggiana
74%
40 9 352 Reggina
74%
39 11 399 Foggia
72%
24 18 685 Livorno
72%
47 7 232 Mantova
72%
56 2 115 Monza
71%
32 13 514 Perugia
71%
57 3 106 Spezia
71%
38 13 399 Cesena
69%
53 5 171 Messina
69%
25 16 677 Padova
69%
20 26 1.038 Triestina
69%
30 13 517 Alessandria
66%
59 3 92 Crotone
66%
44 8 286 Piacenza
66%
41 9 349 Robur Siena
66%
18 30 1.188 Vicenza
66%
29 16 520 Ascoli
65%
64 2 42 Ternana
65%
51 7 191 Varese
65%
23 19 724 S.P.A.L. Ferrara
63%
66 2 38 Ancona
60%
65 1 38 Carpi
60%
43 8 325 Lucchese
57%
36 12 457 Pro Patria
51%
68 1 21 Treviso
51%
67 1 22 Pistoiese
49%
55 4 123 Casale
45%
62 3 78 Legnano
34%
45 8 270 Sampierdarenese
34%
Nessun quiz corrispondente trovato
Distribuzione punteggi
Percentuale di utenti per punteggio
Percentile per numero di risposta
I tuoi punteggi nel tempo
Non hai fatto questo quiz